Ingeniería de las competencias

Furkejuvvon:
Bibliográfalaš dieđut
Váldodahkki: Le Boterf, Guy (Dahkki)
Materiálatiipa: Girji
Giella:espánnjágiella
Almmustuhtton: Barcelona Gestión 2000 2001
Preanttus:1a. ed
Ráidu:Colección Formación y Desarrollo, 4
Fáttát:
Fáddágilkorat: Lasit fáddágilkoriid
Eai fáddágilkorat, Lasit vuosttaš fáddágilkora!

MARC

LEADER 00000cam a2200000 a 4500
001 UCJ2352
003 CL-VaPUC
008 061214e20010000SP |||||||||||||||||spa|d
020 |a 8480885297 
082 0 4 |a 658.3124  |b LEB  |2 21 
100 |a Le Boterf, Guy  |e author  |9 503371 
245 1 0 |a Ingeniería de las competencias 
250 |a 1a. ed 
300 |a 461 p 
942 |c BK 
945 |d 20061214 00:00:00  |a cmena 
260 |a Barcelona  |b Gestión 2000  |c 2001 
650 0 |a Administración del personal  |9 260442 
650 0 |a Administración de empresas   |9 260833 
650 0 |a Competencias  |9 341916 
650 0 |a Planificación estratégica   |9 259735 
650 0 |a Competitividad   |9 308495 
650 0 |a Control de calidad   |9 259714 
583 |a last modification  |c 20190711 09:18:59  |k Rodrigo Vera 
490 0 |a Colección Formación y Desarrollo, 4 
999 |c 318680  |d 318678 
952 |0 0  |1 0  |4 0  |6 658_312400000000000_LEB_2001  |7 0  |8 A  |9 396667  |a BIBEDU  |b BIBEDU  |d 2019-11-22  |i 4300343  |l 2  |o 658.3124 LEB 2001  |p 4300343  |r 2023-10-04  |s 2023-09-04  |w 2019-11-22  |y BK  |k PSI 
952 |0 0  |1 0  |3 erb  |4 0  |6 658_312400000000000_LEB_2001  |7 0  |8 A  |9 396668  |a BIBEDU  |b BIBEDU  |i 5593484  |o 658.3124 LEB 2001  |p 5593484  |r 2019-11-22  |w 2019-11-22  |y BK  |z Catalogado en:20190712  |k PSI